Нормативно-правове регулювання створення комісії сприяння за дотриманням законодавства про релігійні культи на Волині (1961–1966 рр.) (Запис № 576699)

МАРК-запис
000 -Лідер
fixed length control field 01085naa a2200217 4500
001 - Контрольний номер
control field 2162214035925088
003 - Ідентифікатор контрольного номера
control field UA-OsUOA
005 - Дата та час останнього входження (трансакції)
control field 20240628093325.0
008 - Елементи даних фіксованої довжини – загальна інформація
fixed length control field 240628b un ||||| |||| 00| 0 ukr d
040 ## - Джерело каталогізації
Агенція оригінальної каталогізації UA-OsUOA
Мова каталогізації ukr
Агенція, яка здійснювала перезапис UA-OsUOA
Агенція, яка здійснювала модифікацію UA-OsUOA
041 ## - Код мови
Код мови тексту/ звукової доріжки чи окремого заголовка (П) ukr
080 ## - Індекс Універсальної десяткової класифікації
Індекс Універсальної десяткової класифікації (УДК) (НП) 908
090 ## - Локальний шифр розміщення
Класифікаційний індекс УДК 908
100 ## - Основне введення – ім’я особи
Ім’я особи (НП) Ларькіна Л. М.
9 (RLIN) 3488
245 ## - Відомості про назву
Назва (НП) Нормативно-правове регулювання створення комісії сприяння за дотриманням законодавства про релігійні культи на Волині (1961–1966 рр.)
Дані про відповідальність (НП) Ларькіна Л. М.
300 ## - Фізичний опис
Обсяг С. 316–321
650 ## - Додаткове предметне введення – тематичний термін
Джерело заголовка чи терміна UDC
773 0# - Введення хост-одиниці (П)
Бібліонома 576379
Host Itemnumber 472590
Заголовок основного введення Міністерство освіти і науки, молоді та спорту України
Місце, видавець та дата видання (НП) Рівне О. Зень 2011
Інший ідентифікатор одиниці опису 167459
Назва (НП) Актуальні проблеми вітчизняної та всесвітньої історії
Міжнародний стандартний книжковий номер (ISBN) 9786176010159
942 ## - Додаткові елементи входу (Коха)
Source of classification or shelving scheme Universal Decimal Classification
Тип елемента Koha Складова частина документа

Немає доступних примірників.